000 00898nam a2200253Ia 4500
003 OSt
005 20220923215016.0
006 a|||||r|||| 00| 0
007 ta
008 220922b |||||||| |||| 00| 0 hin d
024 _a174,823
037 _cTextual
040 _aARTS
_cARTS
_bhin
041 _2hin
_ahin
082 _aO152,6N15:g, K5
100 _aराणा, रणवीर, संपा.
_9156315
245 0 _aनगेन्द्र व्यक्तित्व और कृतित्व
246 _aNagendra vyaktitva aur kṛutitva
260 _aदिल्ली
_b भारती साहित्य मन्दिर
_c1965
300 _a287 पृ.
_ccm.
650 _aहिन्दी साहित्य
_9156264
942 _hO152,6N15:g, K5
_cTEXL
_2CC
999 _c328527
_d328527